| Tag |
First Indicator |
Second Indicator |
Subfields |
| LEADER |
00000cam a22000001a 4500 |
| 001 |
in00003355607 |
| 006 |
m d f |
| 007 |
cr bn mmmapmmp |
| 008 |
100727s2003 dcu o f000 0 eng d |
| 005 |
20260429183416.6 |
| 035 |
|
|
|a cis2007902393
|
| 040 |
|
|
|a ProQuest
|c ProQuest
|d UtOrBLW
|
| 043 |
|
|
|a n-us---
|
| 099 |
|
|
|a CRS-2003-GVF-0148
|
| 110 |
2 |
|
|a Library of Congress.
|b Congressional Research Service.
|
| 245 |
1 |
0 |
|a Export Administration Act of 1979 Reauthorization.
|
| 264 |
|
1 |
|a [Place of publication not identified] :
|b [publisher not identified],
|c 2003.
|
| 300 |
|
|
|a 1 online resource.
|
| 336 |
|
|
|a text
|b txt
|2 rdacontent
|
| 337 |
|
|
|a computer
|b c
|2 rdamedia
|
| 338 |
|
|
|a online resource
|b cr
|2 rdacarrier
|
| 500 |
|
|
|a Record is based on bibliographic data in ProQuest U.S. Congressional Research Digital Collection (last viewed July 2010). Reuse except for individual research requires license from ProQuest, LLC.
|
| 500 |
|
|
|a CRS Report.
|
| 520 |
|
|
|a Considers issues involved in reauthorization of the Export Administration Act (EAA) of 1979. Covers EAA evolution, the export license review process, legislation in the 107th Congress, the debate over export controls, specific technologies of concern, including high- performance computers, encryption, and stealth technology, options for Congress, and outstanding issues.
|
| 500 |
|
|
|a Electronic resource.
|
| 650 |
|
0 |
|a Cryptography.
|
| 650 |
|
0 |
|a Export controls.
|
| 650 |
|
0 |
|a Licenses.
|
| 655 |
|
7 |
|a Electronic books.
|2 local
|
| 710 |
2 |
|
|a ProQuest (Firm)
|
| 776 |
0 |
8 |
|i Microfiche version:
|a Library of Congress. Congressional Research Service.
|t Export Administration Act of 1979 Reauthorization
|
| 830 |
|
0 |
|a U.S. Congressional Research.
|
| 856 |
4 |
0 |
|u http://proxy.library.tamu.edu/login?url=https://congressional.proquest.com/congcomp/getdoc?CRDC-ID=CRS-2003-GVF-0148
|z Connect to the full text of this electronic book
|t 0
|
| 999 |
|
|
|a MARS
|
| 999 |
f |
f |
|s 9aebeb53-5cc0-3952-8b4a-d76ce5bd3b6d
|i 16f1f54a-07b8-32fa-b75c-fb15dc030bc3
|t 0
|
| 952 |
f |
f |
|a Texas A&M University
|b College Station
|c Electronic Resources
|s www_evans
|d Available Online
|t 0
|e CRS-2003-GVF-0148
|h Other scheme
|
| 998 |
f |
f |
|a CRS-2003-GVF-0148
|t 0
|l Available Online
|